000
00387nam a2200133Ia 4500
008
100328s9999 xx 000 0 und d
082
_b
17474
100
_a
पंडित प्रकाश
245
_a
1966 की शायरी
260
_b
शिक्षा भारती
630
_a
1966 की शायरी
730
_a
1966 की शायरी
942
_c
BOOK
999
_c
512045
_d
512042